Le complément d'histoires de MacArthur : un nouvel outil d'évaluation (notice n° 2249105)
[ vue normale ]
| 000 -LEADER | |
|---|---|
| fixed length control field | 01651cam a2200265 4500500 |
| 005 - DATE AND TIME OF LATEST TRANSACTION | |
| control field | 20260524000253.0 |
| 041 ## - LANGUAGE CODE | |
| Language code of text/sound track or separate title | fre |
| 042 ## - AUTHENTICATION CODE | |
| Authentication code | dc |
| 100 10 - MAIN ENTRY--PERSONAL NAME | |
| Personal name | Robinson, Joann L. |
| Relator term | author |
| 245 00 - TITLE STATEMENT | |
| Title | Le complément d'histoires de MacArthur : un nouvel outil d'évaluation |
| 260 ## - PUBLICATION, DISTRIBUTION, ETC. | |
| Date of publication, distribution, etc. | 2002.<br/> |
| 500 ## - GENERAL NOTE | |
| General note | 62 |
| 520 ## - SUMMARY, ETC. | |
| Summary, etc. | RésuméCe travail décrit la technique, sur le plan théorique et pratique, de la batterie d’histoires à compléter de MacArthur. Il décrit les diverses modalités de cotation. Il donne un aperçu de l’histoire de cet instrument et de ses développements. Des applications nouvelles et les développements possibles sont indiqués. Cet outil joue un rôle important dans l’évaluation de la régulation émotionnelle, tant en recherche qu’en clinique. |
| 520 ## - SUMMARY, ETC. | |
| Summary, etc. | This paper describes the technical and theoretical background of the McArthur Battery Story Stem. It describes the several rating schemes and gives a glance on its historical background and developments. Some new applications and possible developments are emphasised. This tool does play an important role in the assessment of emotional regulation, both for research and clinical purposes. |
| 690 ## - LOCAL SUBJECT ADDED ENTRY--TOPICAL TERM (OCLC, RLIN) | |
| Topical term or geographic name as entry element | evaluation |
| 690 ## - LOCAL SUBJECT ADDED ENTRY--TOPICAL TERM (OCLC, RLIN) | |
| Topical term or geographic name as entry element | narration |
| 690 ## - LOCAL SUBJECT ADDED ENTRY--TOPICAL TERM (OCLC, RLIN) | |
| Topical term or geographic name as entry element | régulation émotionnelle |
| 690 ## - LOCAL SUBJECT ADDED ENTRY--TOPICAL TERM (OCLC, RLIN) | |
| Topical term or geographic name as entry element | assessment |
| 690 ## - LOCAL SUBJECT ADDED ENTRY--TOPICAL TERM (OCLC, RLIN) | |
| Topical term or geographic name as entry element | emotional regulation |
| 690 ## - LOCAL SUBJECT ADDED ENTRY--TOPICAL TERM (OCLC, RLIN) | |
| Topical term or geographic name as entry element | narrative |
| 700 10 - ADDED ENTRY--PERSONAL NAME | |
| Personal name | Kelsay, Kimberly J. |
| Relator term | author |
| 700 10 - ADDED ENTRY--PERSONAL NAME | |
| Personal name | Le Houezec-Jacquemain, Frédérique |
| Relator term | author |
| 786 0# - DATA SOURCE ENTRY | |
| Note | Devenir | 14 | 4 | 2002-12-01 | p. 401-414 | 1015-8154 |
| 856 41 - ELECTRONIC LOCATION AND ACCESS | |
| Uniform Resource Identifier | <a href="https://stm.cairn.info/revue-devenir-2002-4-page-401?lang=fr&redirect-ssocas=7080">https://stm.cairn.info/revue-devenir-2002-4-page-401?lang=fr&redirect-ssocas=7080</a> |
Pas d'exemplaire disponible.




Réseaux sociaux